000 00303nam a2200133Ia 4500
005 20251222155112.0
008 251222s9999||||xx |||||||||||||| ||spa||
082 _aEST. 32
100 _aURQUIA, Lobez
245 0 _aEstadistica 5ta. Edición
250 _a5ta. ed.
264 _bMarcombo
942 _cLIB
999 _c38097
_d38097